Ukazovatele životného prostredia ako determinanty kvality života

Životné prostredie a kvalita života sú pojmy, ktoré spolu bezprostredne súvisia. Ukazovatele, prostredníctvom ktorých je možné indikovať (v zmysle krajinnoekologického výskumu) kvalitu krajiny a aj kvalitu životného prostredia.

Saved in:
Bibliographic Details
Main Author: Pavličková, Katarína
Other Authors: Pauditšová, Eva
Format: Book Chapter
Language:Slovak
Subjects:
Tags: Add Tag
No Tags, Be the first to tag this record!

MARC

LEADER 00000nla$a2200000$$$4500
001 0146419
005 20221103133901.8
041 0 |a slo 
044 |a SK 
245 1 0 |a Ukazovatele životného prostredia ako determinanty kvality života  |c Katarína Pavličková, Eva Pauditšová 
520 |a Životné prostredie a kvalita života sú pojmy, ktoré spolu bezprostredne súvisia. Ukazovatele, prostredníctvom ktorých je možné indikovať (v zmysle krajinnoekologického výskumu) kvalitu krajiny a aj kvalitu životného prostredia. 
610 2 0 |a prostredie životné 
610 2 0 |a kvalita života 
610 2 0 |a ekonomika ekologická 
610 2 0 |a rozvoj trvalo udržateľný 
610 2 0 |a ekologizácia 
610 2 0 |a zodpovednosť spoločenská 
100 1 |a Pavličková, Katarína 
700 1 |a Pauditšová, Eva